[Event "Ibague Blitz op"]
[Site "Ibague"]
[Date "2022.10.08"]
[Round "1"]
[White "Escobar Villota, Domenika Gabriela"]
[Black "Mena, Yamil Octavio"]
[Result "1-0"]
[WhiteElo "1445"]
[BlackElo "1986"]
[PlyCount "71"]
[EventDate "2022.10.08"]
[EventType "swiss (blitz)"]
[EventRounds "9"]
[EventCountry "COL"]
[SourceTitle "CBM 210 Extra"]
[Source "ChessBase"]
[SourceDate "2022.11.30"]
[SourceVersion "1"]
[SourceVersionDate "2022.11.30"]
[SourceQuality "1"]

1. e4 e5 2. Nf3 d6 3. Bc4 Be7 4. d4 exd4 5. Nxd4 Nf6 6. Nc3 0-0 7. 0-0 Nbd7 8. f4 a6 9. Nf5 Nb6 10. Nxe7+ Qxe7 11. Bd3 Bg4 12. Qe1 Bd7 13. Be3 Na4 14. Nxa4 Bxa4 15. Qh4 h6 16. Qg3 Rfe8 17. f5 Kh8 18. b3 Bc6 19. Rae1 Nxe4 20. Bxe4 Bxe4 21. Bd4 f6 22. Qg6 d5 23. Rf4 Rf8 24. Rh4 Qf7 25. Qg4 b6 26. Be3 Qd7 27. Bxh6 Kg8 28. Rf1 Rf7 29. Qg6 Kf8 30. Bxg7+ Ke7 31. Bxf6+ Rxf6 32. Rh7+ Kd6 33. Rxd7+ Kc5 34. Qxf6 Rg8 35. Qc3+ Kb5 36. a4# 1-0

[Event "Ibague op"]
[Site "Ibague"]
[Date "2022.10.06"]
[Round "4"]
[White "Escobar Villota, Domenika Gabriela"]
[Black "Lopez Ramirez, Jorge Hernan"]
[Result "1/2-1/2"]
[WhiteElo "1545"]
[BlackElo "1866"]
[PlyCount "110"]
[EventDate "2022.10.05"]
[EventType "swiss"]
[EventRounds "10"]
[EventCountry "COL"]
[SourceTitle "CBM 210 Extra"]
[Source "ChessBase"]
[SourceDate "2022.11.30"]
[SourceVersion "1"]
[SourceVersionDate "2022.11.30"]
[SourceQuality "1"]

1. e4 e5 2. Nf3 Nc6 3. Bb5 a6 4. Ba4 Nf6 5. Qe2 d6 6. c3 Be7 7. 0-0 Bg4 8. Rd1 b5 9. Bb3 0-0 10. d4 exd4 11. cxd4 Na5 12. Bc2 Re8 13. e5 Nd7 14. Nc3 Bh5 15. Bf4 Bf8 16. Be4 Rb8 17. Qc2 Bg6 18. Bxg6 hxg6 19. Ne4 Be7 20. exd6 Bxd6 21. Bxd6 cxd6 22. Nxd6 Re6 23. Ne4 Qe7 24. Ng3 Rc6 25. Qd3 Qb4 26. b3 Rbc8 27. Ne4 f5 28. Neg5 Nf6 29. Ne5 Rc3 30. Qe2 Re8 31. Rd3 Nc6 32. Nxc6 Rxc6 33. Re3 Rec8 34. g3 Qxd4 35. Re1 Rc1 36. Rd3 Rxe1+ 37. Qxe1 Qb6 38. Qd1 Re8 39. Rd6 Re1+ 40. Qxe1 Qxd6 41. Qc1 Qd7 42. Nf3 Ne4 43. Ne5 Qa7 44. Qf4 Qb6 45. Kg2 Qe6 46. Nf3 Qd5 47. Qb8+ Kh7 48. Qe5 Qc6 49. Qb2 Qd5 50. Qe5 Qd1 51. Qf4 Qc2 52. Qh4+ Kg8 53. Qd8+ Kh7 54. Qh4+ Kg8 55. Qd8+ Kh7 1/2-1/2

[Event "Pasto Narino Cup"]
[Site "Pasto"]
[Date "2022.07.23"]
[Round "3"]
[White "Escobar Villota, Domenika Gabriela"]
[Black "Benavides, Christian Camilo"]
[Result "0-1"]
[WhiteElo "1485"]
[BlackElo "1863"]
[PlyCount "150"]
[EventDate "2022.07.23"]
[EventType "swiss"]
[EventRounds "6"]
[EventCountry "COL"]
[SourceTitle "CBM 209 Extra"]
[Source "ChessBase"]
[SourceDate "2022.09.30"]
[SourceVersion "1"]
[SourceVersionDate "2022.09.30"]
[SourceQuality "1"]

1. e4 e5 2. Nf3 Nc6 3. Bb5 a6 4. Ba4 Nf6 5. d3 b5 6. Bb3 Be7 7. 0-0 d6 8. a3 Bg4 9. Be3 0-0 10. Nc3 Na5 11. Ba2 c5 12. h3 Bh5 13. g4 Bg6 14. g5 Nd7 15. Bd5 Rc8 16. h4 Bh5 17. Kg2 Nc6 18. Ne2 Bxf3+ 19. Kxf3 Kh8 20. Kg2 Nb6 21. Ng3 Nxd5 22. exd5 Nb8 23. Nf5 f6 24. f4 exf4 25. Bxf4 fxg5 26. Nxe7 Qxe7 27. hxg5 Rce8 28. Re1 Qf7 29. Qf3 Re5 30. Rf1 Rf5 31. Rae1 Nd7 32. Kg3 Ne5 33. Qf2 Ng6 34. Re4 Nxf4 35. Rxf4 Rxg5+ 36. Kh3 Rh5+ 37. Kg2 Qxd5+ 38. Qf3 Qg5+ 39. Qg3 Rxf4 40. Rxf4 Qxg3+ 41. Kxg3 Kg8 42. b4 Rd5 43. Re4 Kf7 44. Re3 g6 45. Rf3+ Rf5 46. Re3 h5 47. c4 cxb4 48. axb4 bxc4 49. dxc4 Rg5+ 50. Kh3 Rg4 51. Rc3 Ke6 52. c5 dxc5 53. bxc5 Kd7 54. c6+ Kc7 55. Rc5 Rd4 56. Ra5 Rd6 57. Rxa6 Rxc6 58. Ra8 Rc4 59. Rh8 Kd7 60. Rh6 Rg4 61. Rh8 Ke6 62. Re8+ Kf5 63. Ra8 Re4 64. Ra5+ Re5 65. Ra8 Re3+ 66. Kg2 g5 67. Rb8 Kf4 68. Rf8+ Kg4 69. Rc8 h4 70. Kf2 Re4 71. Rh8 h3 72. Kg1 Kg3 73. Kf1 h2 74. Rh5 Rf4+ 75. Ke2 g4 0-1

[Event "ECU-ch Schools U13 Girls Clas2"]
[Site "Chess.com INT"]
[Date "2020.11.20"]
[Round "9"]
[White "Loor Paredes, Salem Cristina"]
[Black "Escobar Villota, Domenika Gabriela"]
[Result "1/2-1/2"]
[WhiteElo "1225"]
[BlackElo "1346"]
[PlyCount "113"]
[EventDate "2020.11.20"]
[EventType "swiss"]
[EventRounds "9"]
[EventCountry "ECU"]
[SourceTitle "CBM 199 Extra"]
[Source "ChessBase"]
[SourceDate "2021.01.31"]
[SourceVersion "1"]
[SourceVersionDate "2021.01.31"]
[SourceQuality "1"]

1. d4 f5 2. c4 Nf6 3. Nc3 e6 4. e3 Bb4 5. Bd2 Bxc3 6. Bxc3 b6 7. Nf3 Bb7 8. Be2 0-0 9. 0-0 d6 10. a3 Nbd7 11. Qc2 Ne4 12. Bd3 Ndf6 13. Be2 Qe8 14. Rfd1 g5 15. Nd2 g4 16. Nxe4 Nxe4 17. f3 gxf3 18. Bxf3 Qg6 19. d5 e5 20. Rf1 Nf6 21. b4 Ng4 22. Bxg4 Qxg4 23. Rf3 Kh8 24. Raf1 Rf7 25. Rxf5 Rxf5 26. Rxf5 Rg8 27. Rf2 Bc8 28. c5 Qg5 29. a4 Qxe3 30. Kf1 bxc5 31. bxc5 Ba6+ 32. Kg1 Rf8 33. g3 Rf3 34. Bb2 Bd3 35. Qd2 Qxf2+ 36. Qxf2 Rxf2 37. Kxf2 Bc4 38. Ke3 Bxd5 39. cxd6 cxd6 40. Ba3 Bc6 41. a5 d5 42. Bc5 a6 43. Bd6 e4 44. Be5+ Kg8 45. g4 Kf7 46. h4 Bb5 47. Kd4 Bc4 48. Bf4 Kg6 49. Ke3 h5 50. g5 Kf5 51. Bg3 Kg4 52. Bf2 Kf5 53. Bg3 Bb3 54. Bf2 Ke5 55. Bg3+ Kf5 56. Bf4 Bc4 57. Bg3 1/2-1/2

[Event "ECU-ch Schools U15 Girls Clas1"]
[Site "Chess.com INT"]
[Date "2020.11.05"]
[Round "9"]
[White "Escobar Villota, Domenika Gabriela"]
[Black "Naekat Mashianda, Jomaira Fernanda"]
[Result "0-1"]
[WhiteElo "1346"]
[BlackElo "1075"]
[PlyCount "96"]
[EventDate "2020.11.05"]
[EventType "swiss"]
[EventRounds "9"]
[EventCountry "ECU"]
[SourceTitle "EXT 2022"]
[Source "ChessBase"]
[SourceDate "2021.10.06"]
[SourceVersion "1"]
[SourceVersionDate "2021.10.06"]
[SourceQuality "1"]

1. e4 c5 2. Nc3 g6 3. d3 Bg7 4. g3 d6 5. Bg2 Nf6 6. Be3 0-0 7. h3 Nc6 8. Qd2 a6 9. Nge2 b5 10. 0-0 Bb7 11. f4 b4 12. Nd1 a5 13. g4 Ba6 14. f5 Ne5 15. Ng3 c4 16. g5 Nfd7 17. Nf2 c3 18. bxc3 bxc3 19. Qe2 Rb8 20. Ng4 Nxg4 21. Qxg4 Ne5 22. Qf4 Rb2 23. f6 exf6 24. gxf6 Bh8 25. Qf2 Nd7 26. Bh6 Re8 27. h4 Qxf6 28. Qe3 Qxh4 29. Bg5 Qg4 30. Qf2 Qe6 31. Be3 Ne5 32. Qf4 Bg7 33. Qh4 Qg4 34. Qh2 Rxc2 35. Rf4 Qe6 36. Rh4 h5 37. Nxh5 gxh5 38. Rxh5 f6 39. Rh7 Qg4 40. Rh4 Nf3+ 41. Kh1 Nxh2 42. Rxg4 Nxg4 43. Bd4 Nf2+ 44. Bxf2 Rxf2 45. Bh3 Rd2 46. Bf5 Kf7 47. Rg1 Rh8+ 48. Bh3 Rxh3# 0-1

[Event "ECU-ch Schools U15 Girls Clas1"]
[Site "Chess.com INT"]
[Date "2020.11.05"]
[Round "5"]
[White "Zhindon Minchala, Andrea Lisseth"]
[Black "Escobar Villota, Domenika Gabriela"]
[Result "0-1"]
[WhiteElo "199"]
[BlackElo "1346"]
[PlyCount "58"]
[EventDate "2020.11.05"]
[EventType "swiss"]
[EventRounds "9"]
[EventCountry "ECU"]
[SourceTitle "EXT 2022"]
[Source "ChessBase"]
[SourceDate "2021.10.06"]
[SourceVersion "1"]
[SourceVersionDate "2021.10.06"]
[SourceQuality "1"]

1. d4 f5 2. Nf3 Nf6 3. Bf4 e6 4. Nbd2 b6 5. h3 Bb7 6. e3 Be7 7. a3 0-0 8. c4 Ne4 9. Be2 d6 10. 0-0 Nd7 11. Qc2 Ndf6 12. Rad1 Qe8 13. b4 h6 14. Bd3 g5 15. Bh2 Qg6 16. Be2 h5 17. Nxe4 Nxe4 18. Nd2 g4 19. hxg4 hxg4 20. Nxe4 Bxe4 21. Qd2 Rf7 22. Bd3 Bxd3 23. Qxd3 Rh7 24. Bg3 Qh5 25. f3 Bh4 26. Bxh4 Qxh4 27. Qe2 Qh2+ 28. Kf2 Qh4+ 29. Kg1 g3 0-1